Catálogo público

Compendium of elm diseases (Record no. 19355)

MARC details
000 -CABECERA
campo de control de longitud fija 00800nam a22002657a 4500
003 - IDENTIFICADOR DEL NÚMERO DE CONTROL
campo de control CHAP
005 - FECHA Y HORA DE LA ÚLTIMA TRANSACCIÓN
campo de control 20220329134348.0
008 - DATOS DE LONGITUD FIJA--INFORMACIÓN GENERAL
campo de control de longitud fija 971013s1981 r 00010 d
010 ## - NÚMERO DE CONTROL DE LA BIBLIOTECA DEL CONGRESO
Número de control de LC 19355
011 ## - ENLACE DEL NUMERO DE CONTROL DE LA BIBLIOTECA DEL CONGRESO [OBSOLETO]
Número de control de LC 20327
035 ## - NÚMERO DE CONTROL DEL SISTEMA
Número de control de sistema 24415
040 ## - FUENTE DE LA CATALOGACIÓN
Centro/agencia transcriptor CHAP
082 ## - NÚMERO DE LA CLASIFICACIÓN DECIMAL DEWEY
Número de clasificación 634.9728
Número de documento/Ítem S8
100 00 - ENTRADA PRINCIPAL--NOMBRE DE PERSONA
Nombre de persona Stipes, R. Jay
Término indicativo de función/relación ed.
9 (RLIN) 109818
245 ## - MENCIÓN DE TÍTULO
Título Compendium of elm diseases
260 ## - PUBLICACIÓN, DISTRIBUCIÓN, ETC.
Lugar de publicación, distribución, etc. St. Paul, Minn. :
Nombre del editor, distribuidor, etc. American Phytopathological Society,
Fecha de publicación, distribución, etc. 1981
300 ## - DESCRIPCIÓN FÍSICA
Extensión 96 p.
Otras características físicas : ilus. : láms
590 ## - NOTA LOCAL (RLIN)
Nota local BATCH-UPD
Procedencia (VM) [OBSOLETO] 10
Condición del los carretes individuales (VM) [OBSOLETO] 20130110
-- UCH01
-- 2138
590 ## - NOTA LOCAL (RLIN)
Nota local CONVERSION
Procedencia (VM) [OBSOLETO] 10
Condición del los carretes individuales (VM) [OBSOLETO] 20130109
-- UCH01
-- 1312
650 14 - PUNTO DE ACCESO ADICIONAL DE MATERIA--TÉRMINO DE MATERIA
Término de materia o nombre geográfico como elemento de entrada Olmo
Subdivisión general Enfermedades.
9 (RLIN) 83179
700 0# - PUNTO DE ACCESO ADICIONAL--NOMBRE DE PERSONA
Nombre de persona Campana, Richard J.
Término indicativo de función/relación ed.
9 (RLIN) 17929
901 ## - ELEMENTOS DE DATOS A LOCAL LDA (RLIN)
a BK
942 ## - ELEMENTOS DE PUNTO DE ACCESO ADICIONAL (KOHA)
Tipo de ítem Koha Libro
949 ## - PROCESAMIENTO DE INFORMACIÓN LOCAL (OCLC)
a 634.9728 S8
b BC
c C
d 33724000650826
e C
h 57446
i 24415
m Directo
s i
t 318.00
Holdings
Estado de retiro Estado de pérdida Fuente del sistema de clasificación o colocación Estado dañado Restricciones de uso No para préstamo Código de colección Localización permanente Ubicación/localización actual Ubicación en estantería Fecha de adquisición Información codificada de la localización en otra ubicación Total de préstamos Signatura topográfica completa Código de barras Fecha visto por última vez Precio válido a partir de Tipo de ítem Koha
    Dewey Decimal Classification   Préstamo interno   Consulta Biblioteca Central Biblioteca Central Planta alta - Coleción Consulta 31/12/2019 LIBRO   634.9728 S8 33724000650826 31/12/2019 31/12/2019 Libro